000 01337cam a2200325 i 4500
999 _c1492
_d1492
001 19888701
003 OSt
005 20221230160201.0
008 170811s2018 nyua j 001 0 eng
010 _a 2017038394
020 _a9780531243718 (paperback)
040 _aDLC
_beng
_cDLC
_erda
_dDLC
_dKH8
042 _apcc
043 _aa-ii---
082 0 0 _a954 BLE
_223
100 1 _aBlevins, Wiley,
_eauthor.
245 1 0 _aIndia /
_cby Wiley Blevins
264 1 _aNew York, NY :
_bChildren's Press, an imprint of Scholastic Inc.,
_c2018.
300 _a32 pages :
_bcolor illustrations ;
_c19 x 22 cm.
336 _atext
_btxt
_2rdacontent
337 _aunmediated
_bn
_2rdamedia
338 _avolume
_bnc
_2rdacarrier
490 0 _aFollow me around
500 _aIncludes index.
505 0 _aWhere in the World Is India? -- Home Sweet Home -- Let's Eat! -- Off to School -- Jataka Tale -- Touring India -- Our Fascinating History -- It Came from India -- Celebrate! -- Time to Play --You Won't Believe This! -- Interactive India Map -- Preparing for Your Visit -- The United States Compared to India.
651 0 _aIndia
_vJuvenile literature.
906 _a7
_bcbc
_corignew
_d1
_eecip
_f20
_gy-gencatlg
942 _2ddc
_cNFIC